00428nam a2200169Ia 4500003000400000005001700004008004100021020001400062040000700076041000800083082002100091100003700112245004600149260003500195300001400230365001400244OSt20230504155008.0210423s2006 xx 000 0 und d a716786281 cAL aeng a541.3 223bATKP aATKINS (Peter);PAULA (Julio De). aPhysical chemistry: for the life science. aU S AbW H Freeman & Co.c2006 axviii,699 b2457cINR